Catálogo público

The president's review from the Rockefeller Foundation (Record no. 43723)

MARC details
000 -CABECERA
campo de control de longitud fija 01206cam a22003257a 4500
003 - IDENTIFICADOR DEL NÚMERO DE CONTROL
campo de control CHAP
005 - FECHA Y HORA DE LA ÚLTIMA TRANSACCIÓN
campo de control 20220817042414.0
008 - DATOS DE LONGITUD FIJA--INFORMACIÓN GENERAL
campo de control de longitud fija 971013s1919 r 00010 d
010 ## - NÚMERO DE CONTROL DE LA BIBLIOTECA DEL CONGRESO
Número de control de LC 43723
011 ## - ENLACE DEL NUMERO DE CONTROL DE LA BIBLIOTECA DEL CONGRESO [OBSOLETO]
Número de control de LC 44695
035 ## - NÚMERO DE CONTROL DEL SISTEMA
Número de control de sistema 48833
040 ## - FUENTE DE LA CATALOGACIÓN
Centro/agencia transcriptor CHAP
082 ## - NÚMERO DE LA CLASIFICACIÓN DECIMAL DEWEY
Número de clasificación 061.05
Número de documento/Ítem F85p
110 ## - ENTRADA PRINCIPAL--NOMBRE DE ENTIDAD CORPORATIVA
Nombre de entidad corporativa o nombre de jurisdicción como elemento de entrada Fundación Rockefeller.
245 14 - MENCIÓN DE TÍTULO
Título The president's review from the Rockefeller Foundation
Resto del título : annual report, 19 -19 .
260 ## - PUBLICACIÓN, DISTRIBUCIÓN, ETC.
Lugar de publicación, distribución, etc. New York :
Nombre del editor, distribuidor, etc. La Fundación,
Fecha de publicación, distribución, etc. 19 -1974.
300 ## - DESCRIPCIÓN FÍSICA
Extensión v.
500 ## - NOTA GENERAL
Nota general Continúa como: Annual Report
500 ## - NOTA GENERAL
Nota general La biblioteca tiene : 1969, 1970, 1971, 1973, 1974
590 ## - NOTA LOCAL (RLIN)
Nota local BATCH-UPD
Procedencia (VM) [OBSOLETO] 10
Condición del los carretes individuales (VM) [OBSOLETO] 20130110
-- UCH01
-- 2232
590 ## - NOTA LOCAL (RLIN)
Nota local CONVERSION
Procedencia (VM) [OBSOLETO] 10
Condición del los carretes individuales (VM) [OBSOLETO] 20130109
-- UCH01
-- 1324
650 14 - PUNTO DE ACCESO ADICIONAL DE MATERIA--TÉRMINO DE MATERIA
Término de materia o nombre geográfico como elemento de entrada Sociedades
Subdivisión general Anuarios.
9 (RLIN) 108115
901 ## - ELEMENTOS DE DATOS A LOCAL LDA (RLIN)
a BK
942 ## - ELEMENTOS DE PUNTO DE ACCESO ADICIONAL (KOHA)
Tipo de ítem Koha Libro
949 ## - PROCESAMIENTO DE INFORMACIÓN LOCAL (OCLC)
a 061.05 F85p
b BC
c LIBRO
d 33724000304093
e LIBRO
f 1969
i 48833
s i
949 ## - PROCESAMIENTO DE INFORMACIÓN LOCAL (OCLC)
a 061.05 F85p
b BC
c LIBRO
d 33724000304101
e LIBRO
f 1970
h 15683
i 48833
s i
949 ## - PROCESAMIENTO DE INFORMACIÓN LOCAL (OCLC)
a 061.05 F85p
b BC
c LIBRO
d 33724000304119
e LIBRO
f 1971
h 31910
i 48833
s i
949 ## - PROCESAMIENTO DE INFORMACIÓN LOCAL (OCLC)
a 061.05 F85p
b BC
c LIBRO
d 33724000304127
e LIBRO
f 1973
h 38386
i 48833
s i
949 ## - PROCESAMIENTO DE INFORMACIÓN LOCAL (OCLC)
a 061.05 F85p
b BC
c LIBRO
d 33724000304168
e LIBRO
f 1974
h 38454
i 48833
s i
Holdings
Estado de retiro Estado de pérdida Fuente del sistema de clasificación o colocación Estado dañado Restricciones de uso No para préstamo Código de colección Localización permanente Ubicación/localización actual Ubicación en estantería Fecha de adquisición Información codificada de la localización en otra ubicación Total de préstamos Signatura topográfica completa Código de barras Fecha visto por última vez Número de copia Precio válido a partir de Tipo de ítem Koha
    Dewey Decimal Classification   Préstamo 15 días   General Biblioteca Central Biblioteca Central Planta alta - Colección General 17/12/2012 LIBRO   061.05 F85p 33724000304093 31/12/2019 1969 31/12/2019 Libro
    Dewey Decimal Classification   Préstamo 15 días   General Biblioteca Central Biblioteca Central Planta alta - Colección General 31/12/2019 LIBRO   061.05 F85p 33724000304101 31/12/2019 1970 31/12/2019 Libro
    Dewey Decimal Classification   Préstamo 15 días   General Biblioteca Central Biblioteca Central Planta alta - Colección General 31/12/2019 LIBRO   061.05 F85p 33724000304119 31/12/2019 1971 31/12/2019 Libro
    Dewey Decimal Classification   Préstamo 15 días   General Biblioteca Central Biblioteca Central Planta alta - Colección General 31/12/2019 LIBRO   061.05 F85p 33724000304127 31/12/2019 1973 31/12/2019 Libro
    Dewey Decimal Classification   Préstamo 15 días   General Biblioteca Central Biblioteca Central Planta alta - Colección General 31/12/2019 LIBRO   061.05 F85p 33724000304168 31/12/2019 1974 31/12/2019 Libro